000 00482nam a22001457a 4500
082 _a004
100 _aFaiz, Amina
245 _aDevelopment of Optimal Polygonal Approximation Algorithm using Error Histograms /
_cAmina Faiz
260 _aIslamabad :
_bMCS - NUST,
_c2012.
300 _a48 p. ;
_c30cm.
650 _aComputer Software Engineering-MS-Thesis
_916105
700 _aDr. Asif Masood
_914088
942 _2ddc
_cTHE
999 _c540812
_d540812